ARRUPE JESUIT UNIVERSITY

CORONAVIRUS -STOP THE SPREAD - CLEAN,DISINFECT,COVER

Thomas Kuhn (Record no. 123818)

MARC details
000 -LEADER
fixed length control field 00516nam a22001697a 4500
008 - FIXED-LENGTH DATA ELEMENTS--GENERAL INFORMATION
fixed length control field 151126b xxu||||| |||| 00| 0 eng d
020 ## - INTERNATIONAL STANDARD BOOK NUMBER
International Standard Book Number 9783897855038
050 ## - LIBRARY OF CONGRESS CALL NUMBER
Classification number Q,175.B154 2009
100 ## - MAIN ENTRY--PERSONAL NAME
Personal name Bailer-Jones, Daniela
9 (RLIN) 21180
245 ## - TITLE STATEMENT
Title Thomas Kuhn
Statement of responsibility, etc /by Daniela Bailer-Jones and Cord Friebe
260 ## - PUBLICATION, DISTRIBUTION, ETC. (IMPRINT)
Place of publication, distribution, etc Paderborn
Name of publisher, distributor, etc Mentis
Date of publication, distribution, etc 2009
300 ## - PHYSICAL DESCRIPTION
Extent 111p.;
Dimensions 21cm.
650 ## - SUBJECT ADDED ENTRY--TOPICAL TERM
Topical term or geographic name as entry element Kuhn, Thomas S.
9 (RLIN) 21181
650 ## - SUBJECT ADDED ENTRY--TOPICAL TERM
Topical term or geographic name as entry element Science
General subdivision Philosophy
9 (RLIN) 21182
700 ## - ADDED ENTRY--PERSONAL NAME
Personal name Cord Friebe
Relator term (jt.au.)
9 (RLIN) 21183
942 ## - ADDED ENTRY ELEMENTS (KOHA)
Source of classification or shelving scheme Library of Congress Classification
Item type Monograph ( Printed materials)
Holdings
Withdrawn status Lost status Source of classification or shelving scheme Damaged status Not for loan Collection code Home library Current library Shelving location Date acquired Total Checkouts Full call number Barcode Date last seen Date last borrowed Price effective from Koha item type
    Library of Congress Classification     Main Collection ARRUPE LIBRARY ARRUPE LIBRARY Main Collection 26/11/2015 1 Q,175.B154 2009 46500005695 03/07/2019 28/10/2016 26/11/2015 Monograph ( Printed materials)

 

Arrupe Library. PO Box MP320 Mt Pleasant, Harare, Zimbabwe
263 242 745411|librarian@aju.ac.zw